| 000 | 00471nam a2200169 i 4500 | ||
|---|---|---|---|
| 001 | 39677 | ||
| 003 | ES-MaACL | ||
| 005 | 20240221121716.0 | ||
| 007 | t| | ||
| 008 | 030303s1933 gw ||||1| spa d | ||
| 245 | 0 | 3 | _aEl canciller Hitler ante el Reichstag, 17 de mayo de 1933. |
| 260 |
_aBerlĂn : _bLiebheit & Thiesen, _c1933. |
||
| 300 |
_a14 p. ; _c19 cm. |
||
| 700 | 1 |
_aHitler, Adolf, _d1889-1945 _963836 |
|
| 852 |
_aES-MaACL _j1780-F-13 |
||
| 999 |
_c39677 _d39677 |
||